[Event "QA-01-INT"]
[Site "http://www.queenalice.com/game.php?id=710"]
[Date "2004.9.15"]
[Round "1"]
[White "Ruben"]
[Black "Alopinto"]
[Result "0-1"]
[WhiteElo "1340"]
[BlackElo "1416"]

1. e4 e6 2. d4 d5 3. Nc3 Bb4 4. e5 c5 5. Nf3 cxd4 6. Qxd4 Nc6 7. Bb5 Qa5 8.
Bxc6+ bxc6 9. Bd2 Ne7 10. a3 c5 11. Qd3 Ba6 12. Qe3 d4 13. Qe4 Rb8 14. Nd1 Bb7
15. Qd3 Bxf3 16. gxf3 Bxd2+ 17. Qxd2 Qxd2+ 18. Kxd2 Ng6 19. Re1 Nh4 20. Ke2 c4
21. f4 Ng2 22. Rg1 Nxf4+ 23. Kf3 Ng6 24. Ke4 Nh4 25. Rg4 Nf5 26. f4 h6 27. Rb1
Ke7 28. Nf2 a5 29. b3 Rb7 30. Rgg1 Rhb8 31. Rb2 d3 32. Nxd3 cxd3 33. Kxd3 Rd8+
34. Ke4 Rd2 35. h3 Rc7 36. Rgb1 Rc3 37. Rd1 Re3# 0-1

[Event "QA-01-INT"]
[Site "http://www.queenalice.com/game.php?id=711"]
[Date "2004.9.15"]
[Round "1"]
[White "Alopinto"]
[Black "Ruben"]
[Result "1-0"]
[WhiteElo "1456"]
[BlackElo "1333"]

1. e4 e5 2. Nf3 Nc6 3. Nc3 Nf6 4. d4 exd4 5. Nd5 Be7 6. Bf4 d6 7. Nxd4 O-O 8.
Nb5 Nxd5 9. exd5 Ne5 10. Be2 Ng6 11. Be3 c5 12. O-O f5 13. Re1 f4 14. Bc1 Ne5
15. Bf3 Bh4 16. Nc3 g5 17. h3 Qf6 18. Ne4 Qg7 19. Nxd6 g4 20. hxg4 Bxg4 21. Bxg4
Nxg4 22. Ne4 Nxf2 23. Nxf2 Bxf2+ 24. Kxf2 Qg3+ 25. Ke2 f3+ 26. gxf3 Rxf3 27. Be3
Re8 28. Kd2 Rfxe3 29. Rg1 1-0

[Event "QA-01-INT"]
[Site "http://www.queenalice.com/game.php?id=712"]
[Date "2004.9.15"]
[Round "1"]
[White "Ruben"]
[Black "uneternal"]
[Result "1-0"]
[WhiteElo "1319"]
[BlackElo "1142"]

1. d4 d5 2. c4 e6 3. Nc3 dxc4 4. e4 c5 5. d5 exd5 6. Nxd5 Be6 7. Bxc4 Nf6 8. Bg5
Qd7 9. Bxf6 gxf6 10. Nxf6+ Ke7 11. Nxd7 Nxd7 12. Bxe6 1-0

[Event "QA-01-INT"]
[Site "http://www.queenalice.com/game.php?id=713"]
[Date "2004.9.15"]
[Round "1"]
[White "uneternal"]
[Black "Ruben"]
[Result "0-1"]
[WhiteElo "1122"]
[BlackElo "1330"]

1. b3 Nf6 2. Bb2 g6 3. d3 Bg7 4. e4 d6 5. Nf3 Nc6 6. c4 O-O 7. Nc3 Bg4 8. Be2 e5
9. Nd5 Nxd5 10. cxd5 Nb4 11. a3 Na6 12. Rc1 Bh6 0-1

[Event "Let's Play Chess!"]
[Site "http://www.queenalice.com/game.php?id=907"]
[Date "2004.10.6"]
[Round "-"]
[White "Ruben"]
[Black "swmorgana"]
[Result "1-0"]
[WhiteElo "1334"]
[BlackElo "944"]

1. e4 e5 2. Nf3 Nc6 3. Bc4 Bc5 4. c3 Nf6 5. d3 O-O 6. Nbd2 Ng4 7. O-O d6 8. h3
Nf6 9. Nb3 b5 10. Bxb5 Bd7 11. Nxc5 Qb8 12. Nxd7 Nxd7 13. Bxc6 Nf6 14. Nh4 d5
15. exd5 Qd8 16. Bxa8 Qxa8 17. Qf3 c6 18. Nf5 cxd5 19. Bh6 gxh6 20. Qg3+ Kh8 21.
Qg7# 1-0

[Event "Let's Play Chess!"]
[Site "http://www.queenalice.com/game.php?id=908"]
[Date "2004.10.6"]
[Round "-"]
[White "Chess_Philosophy"]
[Black "Ruben"]
[Result "1-0"]
[WhiteElo "1798"]
[BlackElo "1320"]

1. e4 c5 2. c3 Nc6 3. d4 e6 4. Nf3 cxd4 5. cxd4 d5 6. e5 Nge7 7. Nc3 Nf5 8. Be3
Nxe3 9. fxe3 Bb4 10. Bd3 Bd7 11. O-O f6 12. exf6 gxf6 13. Nh4 Qe7 14. Qh5+ Qf7
15. Bg6 1-0

[Event "AUTO-OPEN-02"]
[Site "http://www.queenalice.com/game.php?id=913"]
[Date "2004.10.5"]
[Round "1"]
[White "Ruben"]
[Black "jcm"]
[Result "1-0"]
[WhiteElo "1336"]
[BlackElo "1292"]

1. e4 c5 2. Nf3 Nc6 3. d4 cxd4 4. Nxd4 d6 5. Nc3 Nf6 6. f3 g6 7. Be3 Bg7 8. Qd2
Bd7 9. Bc4 O-O 10. O-O Rc8 11. Nxc6 Bxc6 12. Bb3 Re8 13. Bxa7 e6 14. Rad1 d5 15.
exd5 exd5 16. Bd4 Qc7 17. Bxf6 Bxf6 18. Nxd5 Bxd5 19. Qxd5 Red8 20. Qb5 Bxb2 21.
Bxf7+ Qxf7 22. Qxb2 Ra8 23. Rxd8+ Rxd8 24. Qb3 Qxb3 25. axb3 Rd2 26. Rc1 b5 27.
c4 bxc4 28. Rxc4 Rb2 29. Rb4 Kg7 30. Rb7+ Kh6 31. b4 Rb1+ 32. Kf2 Rb2+ 33. Kg3
Rb3 34. h3 Rb2 35. b5 Rb4 36. f4 Rb3+ 37. Kh4 Rb2 38. g4 g5+ 39. fxg5+ Kg6 40.
Rb6+ Kg7 41. Kh5 Rh2 42. h4 Re2 43. Rb7+ Kh8 44. Rf7 Re6 45. Rf6 Re7 46. Kh6 Re8
47. b6 1-0

[Event "AUTO-OPEN-02"]
[Site "http://www.queenalice.com/game.php?id=914"]
[Date "2004.10.5"]
[Round "1"]
[White "jcm"]
[Black "Ruben"]
[Result "0-1"]
[WhiteElo "1262"]
[BlackElo "1320"]

1. d4 d5 2. Nf3 Nf6 3. e3 Bf5 4. Nbd2 e6 5. c4 Be7 6. Be2 h6 7. O-O Nbd7 8. c5
c6 9. Nb3 b6 10. cxb6 axb6 11. a3 O-O 12. Bd2 Qc7 13. Re1 Bd6 14. Rc1 c5 15.
dxc5 bxc5 16. Bc3 Ne4 17. Nh4 Nxc3 18. bxc3 Be4 19. Ra1 Bxh2+ 20. Kf1 Be5 21.
Nd2 Bxc3 22. Ra2 Bb4 23. Bh5 Qh2 24. Ndf3 Qh1+ 25. Ke2 Bxf3+ 26. gxf3 Bxe1 0-1

[Event "AUTO-OPEN-02"]
[Site "http://www.queenalice.com/game.php?id=915"]
[Date "2004.10.5"]
[Round "1"]
[White "Ruben"]
[Black "Gand"]
[Result "0-1"]
[WhiteElo "1377"]
[BlackElo "1509"]

1. d4 d5 2. c4 e5 3. dxe5 d4 4. Nf3 Nc6 5. g3 Be6 6. Nbd2 Bb4 7. Bg2 Bxc4 8. O-O
Bxd2 9. Bxd2 Nge7 10. b3 Bd5 11. Bc1 O-O 12. Bb2 Nf5 13. Qd3 Qd7 14. Rfd1 Nb4
15. Qd2 Nxa2 16. Nxd4 Bxg2 17. Nxf5 Qxf5 18. Kxg2 Qe4+ 19. Kg1 Nb4 20. Ba3 c5
21. Bxb4 cxb4 22. Ra4 a5 23. f4 h6 24. Qd3 Qc6 25. Raa1 Rfd8 26. Qxd8+ Rxd8 27.
Rxd8+ Kh7 28. Rd6 Qc2 29. Kf1 Qxb3 30. Rxa5 Qb1+ 31. Kf2 Qh1 32. Rd3 Qxh2+ 33.
Kf3 g5 34. fxg5 hxg5 35. Re3 Kg6 36. Rb5 Qh1+ 37. Kf2 Qh2+ 38. Ke1 Qg1+ 39. Kd2
Qb1 40. Rxb7 Qa2+ 41. Ke1 Qa5 42. Kf2 Qc5 43. Rb8 g4 44. Rb7 f5 45. e6 f4 46.
gxf4 g3+ 47. Kf3 g2 48. e7 Qxe3+ 49. Kxe3 g1=Q 50. Ke4 Qb1+ 51. Kd5 Kf7 52. e4
Qd3+ 53. Ke5 b3 54. Kf5 Qc4 55. Kg5 Qxe4 0-1

[Event "AUTO-OPEN-02"]
[Site "http://www.queenalice.com/game.php?id=916"]
[Date "2004.10.5"]
[Round "1"]
[White "Gand"]
[Black "Ruben"]
[Result "1/2-1/2"]
[WhiteElo "1517"]
[BlackElo "1371"]

1. e4 c5 2. d4 cxd4 3. c3 dxc3 4. Nxc3 Nc6 5. Nf3 e6 6. Bb5 a6 7. Bxc6 bxc6 8.
O-O Bb4 9. Qd4 Bxc3 10. Qxc3 Nf6 11. Re1 h6 12. Bf4 d5 13. exd5 cxd5 14. Be5 O-O
15. Rac1 Bd7 16. Bxf6 Qxf6 17. Qxf6 gxf6 18. Rc7 Bb5 19. Nd4 Rfb8 20. Rec1 Bd3
21. b3 Kf8 22. a3 e5 23. R1c3 Be4 24. Nc6 Rc8 25. Ne7 Rxc7 26. Rxc7 Rb8 27. b4
a5 28. f3 axb4 29. axb4 Re8 30. fxe4 Rxe7 31. Rc8+ Re8 32. Rxe8+ Kxe8 33. exd5
Kd7 34. b5 Kc7 35. Kf2 f5 36. Ke3 Kb6 37. d6 h5 38. h4 e4 39. g3 f6 40. Kf4 Kb7
41. g4 fxg4 42. Kxe4 f5+ 43. Kxf5 g3 44. d7 Kc7 45. Ke6 g2 1/2-1/2

[Event "Let's Play Chess!"]
[Site "http://www.queenalice.com/game.php?id=1250"]
[Date "2004.10.19"]
[Round "-"]
[White "Winclick"]
[Black "Ruben"]
[Result "1/2-1/2"]
[WhiteElo "1564"]
[BlackElo "1363"]

1. d4 Nf6 2. c4 e6 3. Nc3 Bb4 4. e3 O-O 5. Bd3 d5 6. Ne2 dxc4 7. Bxc4 e5 8. a3
exd4 9. axb4 dxc3 10. Qxd8 Rxd8 11. Nxc3 Nc6 12. b5 Ne5 13. Bb3 Nd3+ 14. Ke2 Bf5
15. f3 Nc5 16. Bc4 Bd3+ 17. Bxd3 Nxd3 18. Ra4 h6 19. b3 Rd6 20. Ba3 Rd7 21. g3
Ne5 22. Rd1 Rxd1 23. Nxd1 Nd5 24. f4 Ng4 25. h3 Ngxe3 26. Nxe3 Nc3+ 27. Kd3 Nxa4
28. bxa4 a6 29. Be7 axb5 30. axb5 Ra5 31. Kc4 c6 32. bxc6 bxc6 33. h4 f6 34. Bd6
Kf7 35. f5 h5 36. Kd4 Ke8 37. Kc4 Rb5 38. Kd4 1/2-1/2

[Event "Let's Play Chess!"]
[Site "http://www.queenalice.com/game.php?id=1251"]
[Date "2004.10.19"]
[Round "-"]
[White "Ruben"]
[Black "Winclick"]
[Result "0-1"]
[WhiteElo "1363"]
[BlackElo "1558"]

1. e4 e5 2. Nf3 Nc6 3. Bc4 Bc5 4. b4 Bxb4 5. c3 Bc5 6. O-O d6 7. d4 exd4 8. cxd4
Bb6 9. Nc3 Na5 10. Bg5 f6 11. Bf4 Ne7 12. h3 c6 13. Bb3 Nxb3 14. Qxb3 Ng6 15.
Bg3 Qe7 16. e5 fxe5 17. dxe5 dxe5 18. Nxe5 Nxe5 19. Bxe5 Be6 20. Qa4 O-O 21.
Rad1 Bxh3 22. gxh3 Qxe5 23. Qc4+ Kh8 24. Ne2 Rf3 25. Qg4 Qxe2 26. Rd2 Qxd2 27.
Qxf3 Rd8 28. a4 Qd6 29. Qe4 Bc7 30. f4 Qd4+ 0-1

[Event "Un juego"]
[Site "http://www.queenalice.com/game.php?id=1492"]
[Date "2004.10.27"]
[Round "-"]
[White "EdoVillarroel"]
[Black "Ruben"]
[Result "0-1"]
[WhiteElo "1265"]
[BlackElo "1350"]

1. e4 c5 2. d4 cxd4 3. c3 dxc3 4. Nxc3 e6 5. Nf3 Nc6 6. Bc4 a6 7. a4 Nge7 8. O-O
Ng6 9. Be3 Be7 10. Ne2 O-O 11. Ng3 d6 12. Nd4 Nce5 13. Ba2 b6 14. f4 Nd7 15. f5
exf5 16. Ngxf5 Nc5 17. Nc6 Qc7 18. Qd4 Bxf5 19. Nxe7+ Nxe7 20. exf5 Qd7 21. f6
Nc6 22. Qh4 g6 23. Qh6 Ne6 24. Bxe6 fxe6 25. Rf3 Rf7 26. Raf1 Ne5 27. Rg3 Qxa4
28. Rg5 Ng4 29. Qh4 Qb3 30. Qxg4 Qxe3+ 31. Kh1 Rxf6 32. Rd1 Qd3 33. h4 Rf1+ 34.
Rxf1 Qxf1+ 35. Kh2 Qf7 36. h5 Kg7 0-1

[Event "AUTO-OPEN-02"]
[Site "http://www.queenalice.com/game.php?id=2962"]
[Date "2004.12.20"]
[Round "2"]
[White "Alopinto"]
[Black "Ruben"]
[Result "1-0"]
[WhiteElo "1748"]
[BlackElo "1383"]

1. e4 c5 2. Nc3 Nc6 3. Nf3 d6 4. d4 cxd4 5. Nxd4 Nf6 6. Bc4 Qb6 7. Nb3 e6 8. O-O
Be7 9. a4 O-O 10. a5 Qc7 11. Bd3 Bd7 12. f4 Nb4 13. Be3 e5 14. Kh1 Bc6 15. Qe2
Nxd3 16. cxd3 Qd7 17. f5 1-0

[Event "AUTO-OPEN-02"]
[Site "http://www.queenalice.com/game.php?id=2963"]
[Date "2004.12.20"]
[Round "2"]
[White "Ruben"]
[Black "Alopinto"]
[Result "0-1"]
[WhiteElo "1381"]
[BlackElo "1750"]

1. e4 e6 2. d4 d5 3. Nc3 Bb4 4. e5 c5 5. a3 Bxc3+ 6. bxc3 Ne7 7. Qg4 Qc7 8. Qxg7
Rg8 9. Qxh7 cxd4 10. Ne2 Nbc6 11. f4 dxc3 12. Qd3 Bd7 13. Nxc3 a6 14. Ne2 Nf5
15. Rb1 Na7 16. Qc3 Bc6 17. Qc5 Qd8 18. g3 d4 19. Rg1 d3 0-1

[Event "AUTO-OPEN-02"]
[Site "http://www.queenalice.com/game.php?id=2964"]
[Date "2004.12.20"]
[Round "2"]
[White "Gand"]
[Black "Ruben"]
[Result "1-0"]
[WhiteElo "1560"]
[BlackElo "1379"]

1. e4 c5 2. Nf3 Nc6 3. Bb5 e6 4. Nc3 Nge7 5. O-O a6 6. Bxc6 Nxc6 7. d4 cxd4 8.
Nxd4 Qc7 9. Re1 d6 10. Bg5 Be7 11. Bxe7 Nxe7 12. Nf3 O-O 13. Qd3 b5 14. Rad1 Rd8
15. e5 d5 16. Ng5 Ng6 17. h4 Qc4 18. h5 Qxd3 19. Rxd3 Nh4 20. Re4 Nf5 21. g4 Bb7
22. Rf4 Nh6 23. Ne2 Rac8 24. Nd4 Rf8 25. Rdf3 Rc7 26. Ngxe6 1-0

[Event "AUTO-OPEN-02"]
[Site "http://www.queenalice.com/game.php?id=2965"]
[Date "2004.12.20"]
[Round "2"]
[White "Ruben"]
[Black "Gand"]
[Result "1/2-1/2"]
[WhiteElo "1377"]
[BlackElo "1536"]

1. e4 e5 2. Nf3 Nc6 3. Bc4 Nf6 4. Ng5 d5 5. exd5 Nxd5 6. d4 Bb4+ 7. c3 Be7 8.
Nxf7 Kxf7 9. Qf3+ Ke6 10. Qe4 g6 11. O-O b5 12. Bb3 a5 13. c4 bxc4 14. Bxc4 Ba6
15. Qg4+ Kf7 16. Qf3 Ke6 17. Qg4+ Kf6 1/2-1/2

[Event "Challenge"]
[Site "http://www.queenalice.com/game.php?id=14177"]
[Date "2005.5.24"]
[Round "-"]
[White "Boeing"]
[Black "Ruben"]
[Result "1-0"]
[WhiteElo "1694"]
[BlackElo "1370"]

1. e4 c5 2. Qh5 Nf6 3. Qxc5 Nxe4 4. Qb4 d5 5. Qb5+ Nc6 6. c3 e6 7. Nf3 Bc5 8. d4
Bb6 9. c4 a6 10. Qa4 Bd7 11. Qd1 O-O 12. Bd2 Nxd4 13. Be3 Nxf3+ 14. gxf3 1-0

[Event "24hours III"]
[Site "http://www.queenalice.com/game.php?id=93832"]
[Date "2006.8.8"]
[Round "-"]
[White "gsorlando"]
[Black "Ruben"]
[Result "1-0"]
[WhiteElo "1327"]
[BlackElo "1335"]

1. e4 c5 2. Bc4 e6 3. Nf3 Nc6 4. c3 d5 5. exd5 exd5 6. Bb5 Bg4 7. O-O Be7 8. Qe1
Nf6 9. d4 Bxf3 10. Bxc6+ bxc6 11. Qe5 Be4 12. Nd2 1-0